<?xml version="1.0" encoding="UTF-8"?>
<record
    xmlns:xsi="http://www.w3.org/2001/XMLSchema-instance"
    xsi:schemaLocation="http://www.loc.gov/MARC21/slim http://www.loc.gov/standards/marcxml/schema/MARC21slim.xsd"
    xmlns="http://www.loc.gov/MARC21/slim">

  <leader>03224nam0a22003971  4500</leader>
  <controlfield tag="001">rc\4205654</controlfield>
  <controlfield tag="005">20250611013115.0</controlfield>
  <datafield tag="021" ind1=" " ind2=" ">
    <subfield code="a">RU</subfield>
    <subfield code="b">[50-40462]</subfield>
  </datafield>
  <datafield tag="035" ind1=" " ind2=" ">
    <subfield code="a">(NLR Aleph) 008009532</subfield>
  </datafield>
  <datafield tag="090" ind1=" " ind2=" ">
    <subfield code="a">8691453</subfield>
    <subfield code="c">8691453</subfield>
  </datafield>
  <datafield tag="100" ind1=" " ind2=" ">
    <subfield code="a">20130415d1950    |||y0rusy50      ca</subfield>
  </datafield>
  <datafield tag="101" ind1="0" ind2=" ">
    <subfield code="a">rus</subfield>
  </datafield>
  <datafield tag="102" ind1=" " ind2=" ">
    <subfield code="a">RU</subfield>
  </datafield>
  <datafield tag="105" ind1=" " ind2=" ">
    <subfield code="a">y   z   |||a|</subfield>
  </datafield>
  <datafield tag="200" ind1="1" ind2=" ">
    <subfield code="a">&#x420;&#x430;&#x441;&#x441;&#x43A;&#x430;&#x437;&#x44B; &#x430;&#x437;&#x435;&#x440;&#x431;&#x430;&#x439;&#x434;&#x436;&#x430;&#x43D;&#x441;&#x43A;&#x438;&#x445; &#x43F;&#x438;&#x441;&#x430;&#x442;&#x435;&#x43B;&#x435;&#x439;</subfield>
    <subfield code="f">[&#x420;&#x435;&#x434;. &#x41F;. &#x41B;&#x443;&#x43A;&#x43D;&#x438;&#x446;&#x43A;&#x438;&#x439;]</subfield>
  </datafield>
  <datafield tag="210" ind1=" " ind2=" ">
    <subfield code="a">&#x411;&#x430;&#x43A;&#x443;</subfield>
    <subfield code="c">&#x410;&#x437;&#x435;&#x440;&#x431;. &#x438;&#x437;&#x434;-&#x432;&#x43E; &#x434;&#x435;&#x442;. &#x438; &#x44E;&#x43D;&#x43E;&#x448;. &#x43B;&#x438;&#x442;.</subfield>
    <subfield code="d">1950</subfield>
    <subfield code="g">&#x422;&#x438;&#x43F;. "&#x41A;&#x440;. &#x432;&#x43E;&#x441;&#x442;&#x43E;&#x43A;"</subfield>
  </datafield>
  <datafield tag="215" ind1=" " ind2=" ">
    <subfield code="a">318 &#x441;.</subfield>
    <subfield code="d">20</subfield>
  </datafield>
  <datafield tag="225" ind1="1" ind2=" ">
    <subfield code="a">&#x414;&#x435;&#x43A;&#x430;&#x434;&#x430; &#x430;&#x437;&#x435;&#x440;&#x431;&#x430;&#x439;&#x434;&#x436;&#x430;&#x43D;&#x441;&#x43A;&#x43E;&#x439; &#x43B;&#x438;&#x442;&#x435;&#x440;&#x430;&#x442;&#x443;&#x440;&#x44B;</subfield>
  </datafield>
  <datafield tag="327" ind1="1" ind2=" ">
    <subfield code="a">&#x421;&#x43E;&#x434;&#x435;&#x440;&#x436;.: &#x423; &#x41A;&#x438;&#x440;&#x43E;&#x432;&#x430; / &#x41C;.&#x414;. &#x41F;&#x430;&#x448;&#x430;&#x435;&#x432;. &#x412; &#x43E;&#x442;&#x43A;&#x440;&#x44B;&#x442;&#x43E;&#x43C; &#x43C;&#x43E;&#x440;&#x435; / &#x410;. &#x410;&#x441;&#x43A;&#x435;&#x440;&#x43E;&#x432;. &#x41A;&#x430;&#x440;&#x430; / &#x413;. &#x41C;&#x443;&#x441;&#x430;&#x435;&#x432;. &#x41C;&#x435;&#x442;&#x435;&#x43B;&#x44C; / &#x413;. &#x41C;&#x443;&#x441;&#x430;&#x435;&#x432;. &#x41B;&#x435;&#x441;&#x430; &#x448;&#x443;&#x43C;&#x44F;&#x442; / &#x42E;. &#x428;&#x438;&#x440;&#x432;&#x430;&#x43D;. &#x416;&#x438;&#x432;&#x430;&#x44F; &#x43A;&#x430;&#x440;&#x442;&#x430; / &#x41C;. &#x410;&#x43B;&#x438;&#x437;&#x430;&#x434;&#x435;. &#x41D;&#x430;&#x448;&#x438; &#x434;&#x435;&#x432;&#x443;&#x448;&#x43A;&#x438; / &#x418;. &#x413;&#x443;&#x441;&#x435;&#x439;&#x43D;&#x43E;&#x432;. &#x412;&#x43E;&#x43B;&#x43A;&#x43E;&#x434;&#x430;&#x432; / &#x41C;. &#x420;&#x437;&#x430;&#x43A;&#x443;&#x43B;&#x438;&#x437;&#x430;&#x434;&#x435;. &#x41F;&#x43E;&#x441;&#x43B;&#x435;&#x434;&#x43D;&#x438;&#x439; &#x437;&#x43D;&#x430;&#x43C;&#x435;&#x43D;&#x43E;&#x441;&#x435;&#x446; / &#x413;. &#x410;&#x43B;&#x438;&#x43E;&#x433;&#x43B;&#x443;. &#x41C;&#x430;&#x441;&#x442;&#x435;&#x440; &#x417;&#x435;&#x439;&#x43D;&#x430;&#x43B; / &#x414;. &#x41C;&#x430;&#x43C;&#x435;&#x434;&#x43A;&#x443;&#x43B;&#x438;&#x437;&#x430;&#x434;&#x435;. &#x41A;&#x43E;&#x43D;&#x441;&#x442;&#x438;&#x442;&#x443;&#x446;&#x438;&#x44F; &#x432; &#x418;&#x440;&#x430;&#x43D;&#x435; / &#x414;. &#x41C;&#x430;&#x43C;&#x435;&#x434;&#x43A;&#x443;&#x43B;&#x438;&#x437;&#x430;&#x434;&#x435;. &#x411;&#x43E;&#x43C;&#x431;&#x430; / &#x410;. &#x410;&#x445;&#x432;&#x435;&#x440;&#x434;&#x43E;&#x432;. &#x41D;&#x430; &#x433;&#x43E;&#x440;&#x435; &#x432;&#x44B;&#x441;&#x43E;&#x43A;&#x43E;&#x439; / &#x410;. &#x410;&#x445;&#x432;&#x435;&#x440;&#x434;&#x43E;&#x432;. &#x41D;&#x443;&#x440;&#x44D;&#x434;&#x434;&#x438;&#x43D; / &#x421;.&#x421;. &#x410;&#x445;&#x443;&#x43D;&#x434;&#x43E;&#x432;</subfield>
  </datafield>
  <datafield tag="464" ind1=" " ind2="0">
    <subfield code="1">2001#$a&#x41F;&#x43E;&#x441;&#x43B;&#x435;&#x434;&#x43D;&#x438;&#x439; &#x437;&#x43D;&#x430;&#x43C;&#x435;&#x43D;&#x43E;&#x441;&#x435;&#x446;$f&#x413;. &#x410;&#x43B;&#x438;&#x43E;&#x433;&#x43B;&#x443;</subfield>
    <subfield code="1">700#1$a&#x410;&#x43B;&#x438;&#x43E;&#x433;&#x43B;&#x443;$b&#x413;.</subfield>
    <subfield code="t">&#x41F;&#x43E;&#x441;&#x43B;&#x435;&#x434;&#x43D;&#x438;&#x439; &#x437;&#x43D;&#x430;&#x43C;&#x435;&#x43D;&#x43E;&#x441;&#x435;&#x446;</subfield>
    <subfield code="a">&#x410;&#x43B;&#x438;&#x43E;&#x433;&#x43B;&#x443;, &#x413;.</subfield>
  </datafield>
  <datafield tag="464" ind1=" " ind2="0">
    <subfield code="1">2001#$a&#x412;&#x43E;&#x43B;&#x43A;&#x43E;&#x434;&#x430;&#x432;$f&#x41C;. &#x420;&#x437;&#x430;&#x43A;&#x443;&#x43B;&#x438;&#x437;&#x430;&#x434;&#x435;</subfield>
    <subfield code="1">700#1$a&#x420;&#x437;&#x430;&#x43A;&#x443;&#x43B;&#x438;&#x437;&#x430;&#x434;&#x435;$b&#x41C;.</subfield>
    <subfield code="t">&#x412;&#x43E;&#x43B;&#x43A;&#x43E;&#x434;&#x430;&#x432;</subfield>
    <subfield code="a">&#x420;&#x437;&#x430;&#x43A;&#x443;&#x43B;&#x438;&#x437;&#x430;&#x434;&#x435;, &#x41C;.</subfield>
  </datafield>
  <datafield tag="464" ind1=" " ind2="0">
    <subfield code="1">2001#$a&#x41D;&#x430;&#x448;&#x438; &#x434;&#x435;&#x432;&#x443;&#x448;&#x43A;&#x438;$f&#x418;. &#x413;&#x443;&#x441;&#x435;&#x439;&#x43D;&#x43E;&#x432;</subfield>
    <subfield code="1">700#1$a&#x413;&#x443;&#x441;&#x435;&#x439;&#x43D;&#x43E;&#x432;$b&#x418;.</subfield>
    <subfield code="t">&#x41D;&#x430;&#x448;&#x438; &#x434;&#x435;&#x432;&#x443;&#x448;&#x43A;&#x438;</subfield>
    <subfield code="a">&#x413;&#x443;&#x441;&#x435;&#x439;&#x43D;&#x43E;&#x432;, &#x418;.</subfield>
  </datafield>
  <datafield tag="464" ind1=" " ind2="0">
    <subfield code="1">2001#$a&#x41D;&#x443;&#x440;&#x44D;&#x434;&#x434;&#x438;&#x43D;$f&#x421;.&#x421;. &#x410;&#x445;&#x443;&#x43D;&#x434;&#x43E;&#x432;</subfield>
    <subfield code="1">700#1$a&#x410;&#x445;&#x443;&#x43D;&#x434;&#x43E;&#x432;$b&#x421;.&#x421;.</subfield>
    <subfield code="t">&#x41D;&#x443;&#x440;&#x44D;&#x434;&#x434;&#x438;&#x43D;</subfield>
    <subfield code="a">&#x410;&#x445;&#x443;&#x43D;&#x434;&#x43E;&#x432;, &#x421;.&#x421;.</subfield>
  </datafield>
  <datafield tag="464" ind1=" " ind2="0">
    <subfield code="1">2001#$a&#x411;&#x43E;&#x43C;&#x431;&#x430;$a&#x41D;&#x430; &#x433;&#x43E;&#x440;&#x435; &#x432;&#x44B;&#x441;&#x43E;&#x43A;&#x43E;&#x439;$f&#x410;. &#x410;&#x445;&#x432;&#x435;&#x440;&#x434;&#x43E;&#x432;</subfield>
    <subfield code="1">700#1$a&#x410;&#x445;&#x432;&#x435;&#x440;&#x434;&#x43E;&#x432;$b&#x410;.</subfield>
    <subfield code="t">&#x41D;&#x430; &#x433;&#x43E;&#x440;&#x435; &#x432;&#x44B;&#x441;&#x43E;&#x43A;&#x43E;&#x439;</subfield>
    <subfield code="a">&#x410;&#x445;&#x432;&#x435;&#x440;&#x434;&#x43E;&#x432;, &#x410;.</subfield>
  </datafield>
  <datafield tag="464" ind1=" " ind2="0">
    <subfield code="1">2001#$a&#x41C;&#x430;&#x441;&#x442;&#x435;&#x440; &#x417;&#x435;&#x439;&#x43D;&#x430;&#x43B;$a&#x41A;&#x43E;&#x43D;&#x441;&#x442;&#x438;&#x442;&#x443;&#x446;&#x438;&#x44F; &#x432; &#x418;&#x440;&#x430;&#x43D;&#x435;$f&#x414;. &#x41C;&#x430;&#x43C;&#x435;&#x434;&#x43A;&#x443;&#x43B;&#x438;&#x437;&#x430;&#x434;&#x435;</subfield>
    <subfield code="1">700#1$a&#x41C;&#x430;&#x43C;&#x435;&#x434;&#x43A;&#x443;&#x43B;&#x438;&#x437;&#x430;&#x434;&#x435;$b&#x414;.</subfield>
    <subfield code="t">&#x41A;&#x43E;&#x43D;&#x441;&#x442;&#x438;&#x442;&#x443;&#x446;&#x438;&#x44F; &#x432; &#x418;&#x440;&#x430;&#x43D;&#x435;</subfield>
    <subfield code="a">&#x41C;&#x430;&#x43C;&#x435;&#x434;&#x43A;&#x443;&#x43B;&#x438;&#x437;&#x430;&#x434;&#x435;, &#x414;.</subfield>
  </datafield>
  <datafield tag="464" ind1=" " ind2="0">
    <subfield code="1">2001#$a&#x412; &#x43E;&#x442;&#x43A;&#x440;&#x44B;&#x442;&#x43E;&#x43C; &#x43C;&#x43E;&#x440;&#x435;$f&#x410;. &#x410;&#x441;&#x43A;&#x435;&#x440;&#x43E;&#x432;</subfield>
    <subfield code="1">700#1$a&#x410;&#x441;&#x43A;&#x435;&#x440;&#x43E;&#x432;$b&#x410;.</subfield>
    <subfield code="t">&#x412; &#x43E;&#x442;&#x43A;&#x440;&#x44B;&#x442;&#x43E;&#x43C; &#x43C;&#x43E;&#x440;&#x435;</subfield>
    <subfield code="a">&#x410;&#x441;&#x43A;&#x435;&#x440;&#x43E;&#x432;, &#x410;.</subfield>
  </datafield>
  <datafield tag="464" ind1=" " ind2="0">
    <subfield code="1">2001#$a&#x423; &#x41A;&#x438;&#x440;&#x43E;&#x432;&#x430;$f&#x41C;.&#x414;. &#x41F;&#x430;&#x448;&#x430;&#x435;&#x432;</subfield>
    <subfield code="1">700#1$a&#x41F;&#x430;&#x448;&#x430;&#x435;&#x432;$b&#x41C;.&#x414;.</subfield>
    <subfield code="t">&#x423; &#x41A;&#x438;&#x440;&#x43E;&#x432;&#x430;</subfield>
    <subfield code="a">&#x41F;&#x430;&#x448;&#x430;&#x435;&#x432;, &#x41C;.&#x414;.</subfield>
  </datafield>
  <datafield tag="464" ind1=" " ind2="0">
    <subfield code="1">2001#$a&#x41A;&#x430;&#x440;&#x430;$a&#x41C;&#x435;&#x442;&#x435;&#x43B;&#x44C;$f&#x413;. &#x41C;&#x443;&#x441;&#x430;&#x435;&#x432;</subfield>
    <subfield code="1">700#1$a&#x41C;&#x443;&#x441;&#x430;&#x435;&#x432;$b&#x413;.</subfield>
    <subfield code="t">&#x41C;&#x435;&#x442;&#x435;&#x43B;&#x44C;</subfield>
    <subfield code="a">&#x41C;&#x443;&#x441;&#x430;&#x435;&#x432;, &#x413;.</subfield>
  </datafield>
  <datafield tag="464" ind1=" " ind2="0">
    <subfield code="1">2001#$a&#x416;&#x438;&#x432;&#x430;&#x44F; &#x43A;&#x430;&#x440;&#x442;&#x430;$f&#x41C;. &#x410;&#x43B;&#x438;&#x437;&#x430;&#x434;&#x435;</subfield>
    <subfield code="1">700#1$a&#x410;&#x43B;&#x438;&#x437;&#x430;&#x434;&#x435;$b&#x41C;.</subfield>
    <subfield code="t">&#x416;&#x438;&#x432;&#x430;&#x44F; &#x43A;&#x430;&#x440;&#x442;&#x430;</subfield>
    <subfield code="a">&#x410;&#x43B;&#x438;&#x437;&#x430;&#x434;&#x435;, &#x41C;.</subfield>
  </datafield>
  <datafield tag="464" ind1=" " ind2="0">
    <subfield code="1">2001#$a&#x41B;&#x435;&#x441;&#x430; &#x448;&#x443;&#x43C;&#x44F;&#x442;$f&#x42E;. &#x428;&#x438;&#x440;&#x432;&#x430;&#x43D;</subfield>
    <subfield code="1">700#1$a&#x428;&#x438;&#x440;&#x432;&#x430;&#x43D;$b&#x42E;.</subfield>
    <subfield code="t">&#x41B;&#x435;&#x441;&#x430; &#x448;&#x443;&#x43C;&#x44F;&#x442;</subfield>
    <subfield code="a">&#x428;&#x438;&#x440;&#x432;&#x430;&#x43D;, &#x42E;.</subfield>
  </datafield>
  <datafield tag="702" ind1=" " ind2="1">
    <subfield code="a">&#x41B;&#x443;&#x43A;&#x43D;&#x438;&#x446;&#x43A;&#x438;&#x439;</subfield>
    <subfield code="b">&#x41F;.&#x41D;.</subfield>
    <subfield code="g">&#x41F;&#x430;&#x432;&#x435;&#x43B; &#x41D;&#x438;&#x43A;&#x43E;&#x43B;&#x430;&#x435;&#x432;&#x438;&#x447;</subfield>
    <subfield code="4">340</subfield>
  </datafield>
  <datafield tag="801" ind1=" " ind2="0">
    <subfield code="a">RU</subfield>
    <subfield code="b">NLR</subfield>
    <subfield code="g">psbo</subfield>
  </datafield>
  <datafield tag="801" ind1=" " ind2="1">
    <subfield code="a">RU</subfield>
    <subfield code="b">ELAR</subfield>
    <subfield code="2">rusmarc</subfield>
  </datafield>
  <datafield tag="852" ind1=" " ind2=" ">
    <subfield code="a">NLR</subfield>
    <subfield code="j">&#x414;&#x43B;02 &#x413;-3/911</subfield>
  </datafield>
  <datafield tag="942" ind1=" " ind2=" ">
    <subfield code="c">BOOK</subfield>
  </datafield>
  <datafield tag="980" ind1=" " ind2=" ">
    <subfield code="a">NB</subfield>
  </datafield>
  <datafield tag="995" ind1=" " ind2=" ">
    <subfield code="5">2013-10-26</subfield>
    <subfield code="b">NLR02</subfield>
    <subfield code="c">NLR02</subfield>
    <subfield code="e">RFS</subfield>
    <subfield code="f">8009532-10</subfield>
    <subfield code="k">&#x414;&#x43B;02 &#x413;-3/911</subfield>
    <subfield code="o">0</subfield>
    <subfield code="r">BOOK</subfield>
    <subfield code="s">02_3911</subfield>
  </datafield>
</record>
